| 000 | 00643nam a2200241Ia 4500 | ||
|---|---|---|---|
| 003 | OSt | ||
| 005 | 20220928131117.0 | ||
| 006 | a|||||r|||| 00| 0 | ||
| 007 | ta | ||
| 008 | 220927b |||||||| |||| 00| 0 eng d | ||
| 024 | _a124613 | ||
| 037 |
_bGift, 20/09/2014, _cTextual |
||
| 040 |
_aSDCL _cSDCL _beng |
||
| 041 |
_2eng _aeng |
||
| 082 | _aB26, N4 | ||
| 100 |
_aHungerford Thomas W. _9469352 |
||
| 245 | 0 | _aAlgebra | |
| 260 |
_aVerlag _bSpringer _c2014 |
||
| 300 |
_axxiii;502p. _ccm. |
||
| 650 |
_aGift _9391569 |
||
| 942 |
_hB26, N4 _cTEXL _2CC |
||
| 999 |
_c789641 _d789641 |
||